Olivier Poncet, Isabelle Storez-Brancourt (ÉD.), Une histoire de la mémoire judiciaire, Paris, École nationale des Chartes, Paris, 2009, 418 p., ISBN 978-2-35723-004-0 (notice n° 1770195)

détails MARC
000 -LEADER
fixed length control field 01442cam a2200169 4500500
005 - DATE AND TIME OF LATEST TRANSACTION
control field 20260322012122.0
041 ## - LANGUAGE CODE
Language code of text/sound track or separate title fre
042 ## - AUTHENTICATION CODE
Authentication code dc
100 10 - MAIN ENTRY--PERSONAL NAME
Personal name Blanquie, Christophe
Relator term author
245 00 - TITLE STATEMENT
Title Olivier Poncet, Isabelle Storez-Brancourt (ÉD.), Une histoire de la mémoire judiciaire, Paris, École nationale des Chartes, Paris, 2009, 418 p., ISBN 978-2-35723-004-0
260 ## - PUBLICATION, DISTRIBUTION, ETC.
Date of publication, distribution, etc. 2010.<br/>
500 ## - GENERAL NOTE
General note 68
520 ## - SUMMARY, ETC.
Summary, etc. Cet article expose une méthodologie, une historiographie et des sources en lien avec l’histoire du climat de la Catalogne depuis le XVe siècle. Le cœur du travail réside dans la mesure des processions (densité, nombre) mentionnées dans les registres des délibérations municipales catalanes. Ces documents servent à reconstruire le climat de la Catalogne au cours des cinq derniers siècles.
520 ## - SUMMARY, ETC.
Summary, etc. This article discusses a methodology, a historiography and different historical records in link with the climate of Catalonia since the 15th century. It is mainly dealing with the measure of rogations ceremonies from the chapter books of resolutions of the cities. These records authorize a reconstruction of the Catalonian climate during the last 500 years.
786 0# - DATA SOURCE ENTRY
Note Revue d’histoire moderne & contemporaine | 57-3 | 3 | 2010-09-24 | p. 204-204 | 0048-8003
856 41 - ELECTRONIC LOCATION AND ACCESS
Uniform Resource Identifier <a href="https://shs.cairn.info/revue-d-histoire-moderne-et-contemporaine-2010-3-page-204?lang=fr&redirect-ssocas=7080">https://shs.cairn.info/revue-d-histoire-moderne-et-contemporaine-2010-3-page-204?lang=fr&redirect-ssocas=7080</a>

Pas d'exemplaire disponible.

PLUDOC

PLUDOC est la plateforme unique et centralisée de gestion des bibliothèques physiques et numériques de Guinée administré par le CEDUST. Elle est la plus grande base de données de ressources documentaires pour les Étudiants, Enseignants chercheurs et Chercheurs de Guinée.

Adresse

627 919 101/664 919 101

25 boulevard du commerce
Kaloum, Conakry, Guinée

Réseaux sociaux

Powered by Netsen Group @ 2025